Aproximación al teatro alternativo / (Registro nro. 174534)

Detalles MARC
000 -LEADER
campo de control de longitud fija 00803nam a2200253 4500
001 - NÚMERO DE CONTROL
campo de control 174534
003 - IDENTIFICADOR DE NÚMERO DE CONTROL
campo de control ES-MaACL
005 - FECHA Y HORA DE LA ÚLTIMA TRANSACCIÓN
campo de control 20250824012920.0
008 - DATOS DE LONGITUD FIJA--INFORMACIÓN GENERAL
campo de control de longitud fija 100504s1994 sp |||| | spa d
017 ## - NÚMERO DE COPYRIGHT O DE DEPÓSITO LEGAL
Número de copyright o de depósito legal M 39566-1994
020 ## - NÚMERO INTERNACIONAL ESTÁNDAR DEL LIBRO
Número Internacional Estándar del Libro 84-88659-03-2
080 ## - NÚMERO DE LA CLASIFICACIÓN DECIMAL UNIVERSAL
Número de la Clasificación Decimal Universal 792(460)"19"
100 1# - ENTRADA PRINCIPAL--NOMBRE DE PERSONA
Nombre de persona Miralles, Alberto.
9 (RLIN) 81482
245 10 - MENCIÓN DEL TÍTULO
Título Aproximación al teatro alternativo /
Mención de responsabilidad, etc. Alberto Miralles.
260 ## - PUBLICACIÓN, DISTRIBUCIÓN, ETC.
Lugar de publicación, distribución, etc. Madrid :
Nombre del editor, distribuidor, etc. Asociación de Autores de Teatro,
Fecha de publicación, distribución, etc. D.L. 1994.
300 ## - DESCRIPCIÓN FÍSICA
Extensión 76 p. ;
Dimensiones 24 cm.
490 1# - MENCIÓN DE SERIE
Mención de serie Damos la palabra.
-- Ensayo ;
Designación de volumen o secuencia 3
500 ## - NOTA GENERAL
Nota general Índice onomástico.
650 #7 - PUNTO DE ACCESO ADICIONAL DE MATERIA--TÉRMINO DE MATERIA
Término de materia o nombre geográfico como elemento de entrada Teatro alternativo
Fuente del encabezamiento o término embne
9 (RLIN) 142682
710 2# - ENTRADA AGREGADA--NOMBRE DE ENTIDAD CORPORATIVA
Nombre de entidad corporativa o nombre de jurisdicción como elemento de entrada Asociación de Autores de Teatro.
9 (RLIN) 1565
830 0# - PUNTO DE ACCESO ADICIONAL DE SERIE-TÍTULO UNIFORME
Título uniforme Damos la palabra.
-- Ensayo ;
Designación de volumen o secuencia 3
9 (RLIN) 179392
852 4# - LOCALIZACIÓN
Ubicación BA
Número de control de estantería C-57190
Existencias
Estatus retirado Estado de pérdida Estado de daño No para préstamo Biblioteca de origen Biblioteca actual Ubicación en estantería Fecha de adquisición Fuente de adquisición Total de préstamos Signatura topográfica completa Código de barras Visto por última vez Precio de reemplazo Tipo de ítem Koha
        Biblioteca del Ateneo de Madrid Biblioteca del Ateneo de Madrid Depósito 2 04/05/2010     C-57190 1183216 23/02/2023 23/02/2023 Libro impreso